000 00894cam a2200277 a 4500
999 _c20299
_d20299
001 1402086
003 BDDh-ASL
005 20231015025853.0
008 830617s1982 my a b f001 0 eng
010 _a 82242784
020 _a9679990001 (pbk.)
040 _aDLC
_cDLC
_dDLC
_dOCoLC
_dDLC
_dBDDh-ASL
050 0 0 _aDS36.86
_b.B43 1982
082 0 0 _a909.097
_219
_bBEI
100 1 _aBeg, Muhammad Abdul Jabbar.
245 1 0 _aIslamic and western concepts of civilization /
_cby Muhammad Abdul Jabbar Beg.
250 _a3rd rev. ed.
260 _aKuala Lumpur :
_bUniversity of Malaya Press,
_c1982.
300 _a80 p. :
_bill. ;
_c19 cm.
440 2 _aA monograph on comparative concepts of civilization
500 _aIncludes index.
504 _aBibliography: p. 73-77.
650 0 _aIslamic civilization.
906 _a7
_bcbc
_corignew
_d2
_encip
_f19
_gy-gencatlg
942 _2ddc
_cBK